Describing animals 2 - Statistics

General Stats
  • This quiz has been taken 2 times
  • The average score is 5 of 13
Answer Stats
Hint Answer % Correct
Ticks, Mites Acarine
100%
Walrus Odobenine
50%
Leopard Pardine
50%
Peacock Pavonine
50%
Seal Phocine
50%
Shrew Soricine
50%
Mole Talpine
50%
Turtle/Tortoise Testudine
50%
Mosquito Aedine
0%
Antelope Alcelaphine
0%
Silkworm Bombycine
0%
Frog Ranine
0%
Armadillo Tolypeutine
0%
No matching quizzes found
Score Distribution
Percent of People with Each Score
Percentile by Number Answered
Your Score History
You have not taken this quiz